| 000 | 01003nam a2200277Ia 4500 | ||
|---|---|---|---|
| 001 | Para_3167 | ||
| 003 | CHAP | ||
| 008 | 220125s1985 xx 000 0 und d | ||
| 010 | _a201640 | ||
| 040 | _cCHAP | ||
| 090 | _aPA TESIS 400 | ||
| 100 |
_aHernández Velázquez, Esteban _954718 |
||
| 245 |
_aCaracterización e indetificación de las bacterias que causan la pudrición blanda de la zanahoria (Daucus carota L.) / _c Esteban Hernández Velázquez |
||
| 260 |
_aChapingo, Méx. : _b El autor |
||
| 300 | _a45 h. | ||
| 502 | _aTesis (Ing. Agr. Esp. en Parasitología Agrícola) -- UACh. Departamento de Parasitología Agrícola | ||
| 650 |
_aZanahoria _x Enfermedades Erwinia carotovora Bacterias fitopatógenas _9166550 |
||
| 710 |
_aUACh. Departamento de Parasitología Agrícola _9115877 |
||
| 901 | _aPA TESIS 400 | ||
| 902 | _aA | ||
| 905 | _a0000001985 CHAa 0000000000 00 | ||
| 910 | _a1985 | ||
| 942 | _cPARA | ||
| 942 |
_cPARA _d1 |
||
| 999 |
_c201640 _d201640 |
||